00470nam a2200181Ia 4500008004100000020001800041050001400059100002100073245003300094245004300127260002400170260002500194260000900219300001500228300002700243300001000270500000800280170918s9999 xx 000 0 und d a9781426306365 bJ861 2009 aJoubert, Beverly aFace to face with Leopards / cby Beverly Joubert and Dereck Joubert. aWashington, D. C. : bNational Geographic, c2009 a31 pages : bcolored illustration ; c26cm. a810